00784nabaa22001577a 4500003000400000005001700004008004100021040000700062100002400069245009100093300001300184505019900197505009000396650002700486773011300513OSt20260122101635.0190701b xxu||||| |||| 00| 0 spa d cPJ aDasenchich, Lorena 10aCapacidades estatales para innovar : bherramientas y desafíos /cLorena Dasenchich. ap. 39-48 aSumario: I. Introducción.— II. Concepto de capacidad estatal.— III. La innovación en el sector público.— IV. ¿Cómo medir capacidad e innovación en el Estado?— V. Conclusiones. t¿Te interesa el texto completo? Comunicate al correo: koha@justierradelfuego.gov.ar  0aDERECHO ADMINISTRATIVO0 02842dBuenos Aires : AbeledoPerrot, 2012-oDA121tDerecho administrativo. Nº 146 marzo/abril 2023z18510590